01262nam a2200337Ia 4500001001200000003000800012006001900020007001500039008004100054010001700095020001500112020002600127020001800153040002100171035002100192050002500213082001400238100002000252245011700272260006100389300002300450504004100473533015200514650001900666650002100685650002900706655002900735710001700764856012600781999001700907ebr10694666CaPaEBRm u cr cn|||||||||120301s2012 deua sb 000 0 eng d z 2012004791 z0872078132 z9780872070585 (ebook) z9780872078130 aCaPaEBRcCaPaEBR a(OCoLC)82665992214aLB1576b.O297 2012eb04a372.62231 aOczkus, Lori D.10aBest ever literacy survival tipsh[electronic resource] :b72 lessons you can't teach without /cLori D. Oczkus. aNewark, DE :bInternational Reading Association,cc2012. axv, 192 p. :bill. aIncludes bibliographical references. aElectronic reproduction.bPalo Alto, Calif. :cebrary,d2013.nAvailable via World Wide Web.nAccess may be limited to ebrary affiliated libraries. 0aLanguage arts. 0aLesson planning. 0aMotivation in education. 7aElectronic books.2local2 aebrary, Inc.40uhttp://site.ebrary.com/lib/rucke/Doc?id=10694666zAn electronic book accessible through the World Wide Web; click to view c23816d23816